000 01985cam a2200589 i 4500
001 56265
003 KOSZ 005
005 20240227062805.0
008 240226s2008 pl a f 100 0 pol
015 _aUWD 2009/17618
020 _a9788388724374
035 _a991043882729705066
035 _a(PL-WaBN)b21882952-48omnis_nlop
035 _ab21882952
035 _a(OCoLC)297554325
035 _axx001176418
035 _a(PL)b0000002188295
035 _a(EXLNZ-48OMNIS_NETWORK)9910019477005606
040 _aWA N
_cWA N
_dKOSZ 005/RW
046 _k2008
080 _81.1\x
_a001.895
080 _81.2\x
_a519.2
080 _81.3\x
_a004.42
080 _81.4\x
_a004.62
080 _81.5\x
_a(06)
245 0 0 _aR&D - badania innowacyjne z wykorzystaniem analizy danych.
260 _aKraków :
_bStatSoft Polska,
_c2008.
300 _a136 stron :
_bilustracje ;
_c24 cm.
336 _aTekst
_btxt
_2rdacontent
337 _aBez urządzenia pośredniczącego
_bn
_2rdamedia
338 _aWolumin
_bnc
_2rdacarrier
380 _aKsiążki
380 _aPublikacje naukowe
388 1 _a2001-
500 _aMateriały na seminarium organizowanego przez StatSoft Polska, marzec 2008 r., Warszawa.
504 _aBibliografia przy referatach.
650 7 _aData mining
_2DBN
650 7 _aInnowacje
_2DBN
650 7 _aMetody statystyczne
_2DBN
650 7 _aStatistica (program komputerowy)
_2DBN
650 7 _aStatystyka
_2DBN
650 7 _aZastosowanie i wykorzystanie
_2DBN
655 7 _aMateriały konferencyjne
_2DBN
655 7 _aPraca zbiorowa
_2DBN
655 7 _aProgramy komputerowe
_2DBN
658 _aInformatyka i technologie informacyjne
658 _aNauka i badania
710 2 _aStatsoft Polska
_4pbl
856 _uhttps://koha.tu.koszalin.pl/cgi-bin/koha/opac-detail.pl?biblionumber=56265
_yKatalog online BPK
942 _2UKD
_cKS
999 _c56265
_d56265